Teoría y praxis estudios de filosofía social
Las investigaciones históricas que conforman este volumen, se proponen el desarrollo tentativo de la idea de una teoría de la sociedad de intencionalidad crítica, así como la delimitación de su status respecto al de teorías de otro linaje.
Saved in:
| Hovedforfatter: | |
|---|---|
| Format: | Bog |
| Sprog: | Spanish |
| Udgivet: |
Madrid:
Editorial Tecnos,
1990
|
| Udgivelse: | 2 ed. |
| Serier: | Filosofía y ensayo
|
| Fag: | |
| Online adgang: | Enlace del recurso |
| Tags: |
Tilføj Tag
Ingen Tags, Vær først til at tagge denne postø!
|
MARC
| LEADER | 00000nam a2200000 a 4500 | ||
|---|---|---|---|
| 001 | 000700 | ||
| 008 | 030904s1990 sp # fr# #001|0#spa#d | ||
| 020 | |a 84-309-1423-4 | ||
| 041 | 0 | |a spa | |
| 043 | |a e-sp--- | ||
| 082 | 0 | 4 | |a 300.1 |b H112t |
| 100 | 1 | |a Habermas, Jurgen | |
| 245 | 1 | 0 | |a Teoría y praxis |b estudios de filosofía social |c Jurgen Habermas |
| 250 | |a 2 ed. | ||
| 260 | |a Madrid: |b Editorial Tecnos, |c 1990 | ||
| 300 | |a 439 p. | ||
| 440 | 0 | |a Filosofía y ensayo | |
| 504 | |a Incluye bibliografía e índice. | ||
| 520 | 3 | |a Las investigaciones históricas que conforman este volumen, se proponen el desarrollo tentativo de la idea de una teoría de la sociedad de intencionalidad crítica, así como la delimitación de su status respecto al de teorías de otro linaje. | |
| 534 | |p Título original: |t Theorie und praxis | ||
| 650 | 1 | 4 | |a FILOSOFÍA DE LAS CIENCIAS SOCIALES |
| 650 | 1 | 4 | |a SOCIOLOGÍA |
| 999 | |c 2852 |d 2852 | ||
| 856 | |u https://catalogo.idep.edu.co/cgi-bin/koha/opac-detail.pl?biblionumber=2852 |z Enlace del recurso | ||